| 000 | 01000nam a2200265Ia 4500 | ||
|---|---|---|---|
| 003 | OSt | ||
| 005 | 20220923211640.0 | ||
| 006 | a|||||r|||| 00| 0 | ||
| 007 | ta | ||
| 008 | 220922b |||||||| |||| 00| 0 hin d | ||
| 024 | _a39,304 | ||
| 037 | _cTextual | ||
| 040 |
_aARTS _cARTS _bhin |
||
| 041 |
_2hin _ahin |
||
| 082 | _aO15vN, 152K7;N1 (TTPS) | ||
| 100 |
_aगैरोला, वाचस्पति _9156292 |
||
| 245 | 0 | _aसंस्कृत साहित्य का इतिहास | |
| 246 | _aSanskṛut sāhitya kā itihāsa | ||
| 260 |
_aवाराणसी _b चौखम्बा विधाभवन _c1991 |
||
| 300 |
_a826पृ. _ccm. |
||
| 490 | _aविधाभवन राष्ट््रभाषा ग्रन्थमाला; 28 | ||
| 650 |
_aहिन्दी साहित्य _9156264 |
||
| 942 |
_hO15vN, 152K7;N1 (TTPS) _cTEXL _2CC |
||
| 999 |
_c302108 _d302108 |
||